000 01051nam2a22002411 4500
001 rc\147058
005 20250621061145.0
010 _a5-212-00783-6
_bКн. и бизнес
035 _a(NLR Aleph) 005614022
090 _a6439819
_c6439819
100 _a20030307d1993 |||y0rusy50 ca
101 0 _arus
102 _aRU
105 _ay |||||||||
200 1 _aПутешествие к центру Земли
_aПутешествие и приключения капитана Гаттераса
210 _cДаймонд Ринг
_d1993
_aБ. м.
215 _a541, [1] с.
461 0 _1001rc\147056
_12001#$aСобрание сочинений$eВ 12 т.$e[Пер. с фр.]$fЖюль Верн$v[Т.] 2
_1700#1$aВерн$bЖ.$gЖюль$f1828-1905
_96439803
_aВерн, Ж. (1828-1905)
_cМ.
_d1992-
_fЖюль Верн
_nКн. и бизнес
_oВ 12 т. : [Пер. с фр.]
_tСобрание сочинений
_y5212007682
_v[Т.] 2
801 0 _aRU
_bNLR
_gpsbo
801 1 _aRU
_bELAR
_2rusmarc
852 _aNLR
_j93-3/382
942 _cBOOK
980 _aNB